Najpopularniejsze imiona żeńskie w 2023 r. - Statystyki

Ogólne statystyki
  • Ten quiz został rozwiązany 445 razy
  • Średni wynik to 49 z 100
Statystyki odpowiedzi
Liczba Imię % Poprawnych
4254 Julia
90%
4800 Zuzanna
89%
1581 Anna
87%
2531 Wiktoria
87%
959 Weronika
85%
4968 Zofia
85%
3137 Maria
84%
1878 Aleksandra
83%
4565 Hanna
83%
3846 Oliwia
83%
4461 Maja
79%
1441 Natalia
78%
316 Katarzyna
77%
2966 Lena
75%
892 Barbara
74%
328 Paulina
74%
386 Ewa
73%
752 Karolina
73%
414 Joanna
72%
234 Patrycja
72%
535 Magdalena
71%
294 Daria
69%
2563 Iga
69%
3593 Alicja
68%
2759 Amelia
68%
372 Marta
65%
712 Martyna
65%
917 Nikola
65%
656 Agata
64%
2785 Emilia
64%
3692 Pola
64%
365 Urszula
63%
4602 Laura
62%
410 Małgorzata
62%
1148 Milena
62%
1883 Gabriela
61%
502 Kinga
60%
374 Dominika
59%
2511 Helena
57%
2912 Antonina
56%
264 Klaudia
56%
1732 Łucja
56%
425 Izabela
55%
1761 Kornelia
55%
1132 Róża
55%
246 Kamila
54%
1565 Nadia
54%
1410 Jagoda
51%
396 Lidia
51%
284 Lilia
51%
544 Marianna
51%
2644 Michalina
51%
937 Sara
49%
1001 Nina
47%
1127 Kaja
45%
2660 Klara
45%
2351 Marcelina
45%
210 Celina
43%
199 Jadwiga
43%
355 Nel
43%
636 Adrianna
42%
1063 Anastazja
41%
1636 Blanka
39%
550 Wanda
39%
984 Aniela
38%
637 Eliza
38%
1768 Nela
38%
221 Ada
37%
302 Ida
37%
2561 Liliana
36%
1103 Rozalia
36%
1422 Lilianna
35%
340 Malwina
34%
845 Matylda
34%
239 Felicja
33%
880 Aurelia
31%
558 Gaja
30%
422 Kalina
29%
779 Liwia
28%
261 Luiza
28%
1232 Mia
28%
453 Bianka
27%
519 Melania
27%
330 Stefania
27%
402 Apolonia
26%
411 Diana
24%
242 Lea
22%
239 Elena
21%
571 Jaśmina
19%
214 Lila
19%
272 Emma
18%
259 Rita
18%
393 Sofia
17%
405 Zoja
16%
248 Jagna
15%
245 Lara
14%
283 Olivia
10%
194 Adelina
6%
337 Milana
6%
266 Sofiia
4%
Nie znaleziono quizów pasujących do podanych kryteriów
Rozkład punktacji
Procent ludzi z każdym wynikiem
Percentyl według liczby udzielonych odpowiedzi
Twoja historia wyników
Nie rozwiązałeś tego quizu